| 000 | 00459nam a2200133Ia 4500 | ||
|---|---|---|---|
| 005 | 20260328101519.0 | ||
| 008 | 260328s9999||||xx |||||||||||||| ||und|| | ||
| 100 | _aGómez Barrera, Yaffa Nahir I. | ||
| 245 | 0 |
_aLa Cultura del Diseño : _b Estrategia para la generación de valor e Innovación en la PyMe / _cYaffa Nahir I. Gómez Barrera |
|
| 260 | _bUniversidad Católica Popular de Risaralda | ||
| 300 | _a161 p. | ||
| 650 | _aDISEÑO INDUSTRIAL | ||
| 942 | _cBK | ||
| 999 |
_c9517 _d9517 |
||